000 00648nam a2200265Ia 4500
005 20260121170456.0
008 008 260114s9999 xx 000 0 eng d
020 _a9783319783499
037 _aEBOOK
040 _aCRL
040 _beng
040 _cCRL
041 _2eng
041 _aeng
084 _qCRL
100 _aSergio Starkstein
_91064343
245 2 _aA Conceptual and Therapeutic Analysis of Fear
260 _bSpringer
260 _bSpringer
260 _c2018
856 _uhttps://link.springer.com/openurl?genre=book&isbn=978-3-319-78349-9
942 _cEBOOK
999 _c1630072
_d1630072